| 000 | 01032 am a2200325K 4500 | ||
|---|---|---|---|
| 001 | 200442940 | ||
| 003 | TR-AnTOB | ||
| 005 | 20260102092453.0 | ||
| 008 | 041015s2001 tu a 00000 tur | ||
| 020 | _a9758531069 | ||
| 040 |
_aHKUT _beng _erda _cTR-AnTOB |
||
| 041 | 1 |
_atur _heng |
|
| 060 | _aWB 39 | ||
| 096 |
_aWB39 _b.A1819 2001 |
||
| 245 | 0 | 0 |
_aAcil tıp el kitabı / _ceditör Jon L. Jenkins, G. Richard Braen; çeviri editörü M. Akif Karan. |
| 264 | 1 |
_aAnkara : _bGüneş Kitabevi, _c2001. |
|
| 300 |
_a672 pages ; _c20 cm |
||
| 336 |
_2rdacontent _atext _btxt |
||
| 337 |
_2rdamedia _aunmediated _bn |
||
| 338 |
_2rdacarrier _avolume _bnc |
||
| 500 | _a"Manual of emergency medicine" çevirisidir. | ||
| 650 | 2 |
_aEmergency Medicine _9143129 |
|
| 650 | 2 |
_aEmergencies _9142224 |
|
| 655 | 2 |
_aHandbook _9143284 |
|
| 700 | 1 | 0 |
_aJenkins, Jon L. _eeditor _9148399 |
| 700 | 1 | 0 |
_aBraen, G. Richard _eeditor _9148400 |
| 700 | 1 | 0 |
_aKaran, Mehmet Akif _etranslator _9145467 |
| 942 |
_2NLM _cBK |
||
| 999 |
_c200442940 _d61152 |
||